| 000 | 00485cam a2200181ua 4500 | ||
|---|---|---|---|
| 020 |
_a0-85226-0229 _cRs 20.25 |
||
| 041 |
_aeng _h |
||
| 082 |
_a519.53 _bAND/IN |
||
| 100 | _aAnderson, T W . | ||
| 245 |
_aIntroduction to multivariate statistical analysis / _cT W Anderson. _hTextual Documents |
||
| 250 |
_a1 / _b. |
||
| 260 |
_aNew Delhi : _bWiley Eastern Ltd , _c1974. |
||
| 300 | _a374 ; . | ||
| 365 | _aRs 20.25 | ||
| 504 | _a | ||
| 942 | _cBK | ||
| 999 |
_c1960 _d1960 |
||